|
|
|
|
| LEADER |
010710000a22001810004500 |
| 999 |
|
|
|c 45046
|d 45046
|
| 020 |
|
|
|a 9788182647565
|
| 020 |
|
|
|a 9788182658318
|
| 082 |
|
|
|a M 915.483 04
|b 32P9
|
| 100 |
|
|
|a Balakrishnan, K(ബാലകൃഷ്ണ൯, കെ).
|9 48242
|
| 245 |
|
|
|a Kasarkodan graamangaliloode(കാസ൪ക്കോട൯ ഗ്രാമങ്ങളിലൂടെ):
|b yathra/praadesikacharithram(യാത്ര/പ്രാദേശികചരിത്രം)/
|c K Balakrishnan(കെ ബാലകൃഷ്ണ൯).
|
| 260 |
|
|
|a Kozhikode:
|b Mathrubhumi Books,
|c 2009
|
| 300 |
|
|
|a 167 p.
|
| 650 |
|
|
|a Kasarkodu-Kerala-History
|9 54847
|
| 650 |
|
|
|a Kasarkodu-Kerala-Travel
|9 54848
|
| 942 |
|
|
|c BK
|
| 952 |
|
|
|0 0
|1 0
|4 0
|6 M_915_483000000000000_04_32P9
|7 0
|8 MAL
|9 45762
|a MGUL
|b MGUL
|c GEN
|d 2013-07-16
|e Rs.100.00
|l 3
|o M 915.483 04 32P9
|p 43357
|r 2018-09-19
|s 2018-09-05
|y BK
|
| 952 |
|
|
|0 0
|1 0
|4 0
|6 M_915_483000000000000_04_32P91
|7 0
|8 MAL
|9 84966
|a MGUL
|b MGUL
|c GEN
|d 2016-06-20
|e Mathrubhumi Books Bill No 23 dated 18.05.2016
|g 130.00
|l 1
|o M 915.483 04 32P9;1
|p 55369
|r 2017-06-30
|s 2017-06-08
|y BK
|